| 000 | 00881nas a2200289 4500 | ||
|---|---|---|---|
| 001 | BR0701164 | ||
| 003 | BR-BrBNA | ||
| 005 | 20231205110635.0 | ||
| 007 | ta | ||
| 008 | 230509b bl.|||p| |||| 00| 00por d | ||
| 040 |
_aBR-BrBNA _bpor _cBiblioteca Nacional de Agricultura |
||
| 041 | _a(Pt) | ||
| 072 | _aL72 | ||
| 100 | 1 | _aMendonça, I.L. de | |
| 100 | 1 | _aAlmeida, M.M. de | |
| 100 | 1 | _aConde Júnior, A.M. | |
| 100 | 1 | _aCavalcanti, R.R. | |
| 100 | 1 | _aMoura, S.G. de | |
| 100 | 1 | _aCarvalho, M.A.M. de | |
| 245 | 1 | _aAnálise coproparasitológica de cutias (Dasyprocta sp.)criadas em cativeiro | |
| 650 | _aCUTIA | ||
| 650 | _aPROTOZOÁRIO | ||
| 650 | _aHELMINTO GASTRINTESTINAL | ||
| 773 | 0 |
_tCiência Animal Brasileira (Brazil) _xISSN 1518-2797 _g(Jul-Sep 2006), v. 7(3) p. 285-288 _wBR0701164 |
|
| 909 |
_a202311 _bLúcia _c55 _dLúcia Elande |
||
| 942 |
_2AGRIS _n0 _cANA |
||
| 999 |
_c188312 _d188312 |
||